5HLuxD.jpg

KING HENRY VIII SENIOR AND PRIMARY SCHOOL LIBRARY OPAC

Tales of mystery and imagination / (Record no. 3427)

000 -LEADER
fixed length control field 01400cam a2200361 a 4500
001 - CONTROL NUMBER
control field 16955209
003 - CONTROL NUMBER IDENTIFIER
control field OSt
005 - DATE AND TIME OF LATEST TRANSACTION
control field 20240108082357.0
008 - FIXED-LENGTH DATA ELEMENTS--GENERAL INFORMATION
fixed length control field 110909s2008 enka 000 0 eng d
010 ## - LIBRARY OF CONGRESS CONTROL NUMBER
LC control number 2010526193
020 ## - INTERNATIONAL STANDARD BOOK NUMBER
International Standard Book Number 9780194791328 (pbk.)
020 ## - INTERNATIONAL STANDARD BOOK NUMBER
International Standard Book Number 0194791327 (pbk.)
035 ## - SYSTEM CONTROL NUMBER
System control number (OCoLC)ocn235276237
040 ## - CATALOGING SOURCE
Original cataloging agency BKL
Language of cataloging eng
Transcribing agency BKL
Modifying agency BKL
-- OTP
-- TVG
-- BTCTA
-- YDXCP
-- NLGGC
-- OCLCQ
-- DLC
-- KH8
042 ## - AUTHENTICATION CODE
Authentication code lccopycat
082 ## - DEWEY DECIMAL CLASSIFICATION NUMBER
Classification number 813.3 POE
100 1# - MAIN ENTRY--PERSONAL NAME
Personal name Poe, Edgar Allan,
Relator term author.
245 10 - TITLE STATEMENT
Title Tales of mystery and imagination /
Statement of responsibility, etc. Edgar Allan Poe ; retold by Margaret Naudi.
250 ## - EDITION STATEMENT
Edition statement Simplified ed.
260 ## - PUBLICATION, DISTRIBUTION, ETC.
Place of publication, distribution, etc. Oxford ;
-- New York :
Name of publisher, distributor, etc. Oxford University Press,
Date of publication, distribution, etc. c2008.
300 ## - PHYSICAL DESCRIPTION
Extent 72 p. :
Other physical details ill. ;
Dimensions 20 cm.
490 0# - SERIES STATEMENT
Series statement Oxford bookworms library. Fantasy & horror. Stage 3
505 0# - FORMATTED CONTENTS NOTE
Formatted contents note The fall of the House of Usher -- The black cat -- The masque of the Red Death -- William Wilson -- The tell-tale heart.
650 #0 - SUBJECT ADDED ENTRY--TOPICAL TERM
Topical term or geographic name entry element Readers (Adult)
650 #0 - SUBJECT ADDED ENTRY--TOPICAL TERM
Topical term or geographic name entry element English language
Form subdivision Textbooks for foreign speakers.
650 #0 - SUBJECT ADDED ENTRY--TOPICAL TERM
Topical term or geographic name entry element Reading comprehension
Form subdivision Problems, exercises, etc.
655 #7 - INDEX TERM--GENRE/FORM
Genre/form data or focus term Horror fiction.
Source of term gsafd
655 #7 - INDEX TERM--GENRE/FORM
Genre/form data or focus term Ghost stories.
Source of term gsafd
700 1# - ADDED ENTRY--PERSONAL NAME
Personal name Naudi, Margaret.
906 ## - LOCAL DATA ELEMENT F, LDF (RLIN)
a 7
b cbc
c copycat
d 2
e ncip
f 20
g y-gencatlg
942 ## - ADDED ENTRY ELEMENTS (KOHA)
Source of classification or shelving scheme
Koha item type Teaching Resources
Holdings
Withdrawn status Lost status Source of classification or shelving scheme Damaged status Not for loan Collection code Permanent Location Current Location Shelving location Date acquired Total Checkouts Full call number Barcode Date due Date last seen Date last checked out Price effective from Koha item type
          Teaching Resources KH8 Senior School Library KH8 Senior School Library Staff Office 2024-01-08 1 813.3 POE TRKHSL005204 2025-07-04 2024-11-08 2024-11-08 2024-01-08 Teaching Resources

Powered By KH8 IT Dept